000 00665nam a2200217Ii 4500
003 JO-AjNU
008 230605s9999||||xx |||||||||||||| ||und||
017 _a2006/4/902
040 _aJO-AjNU
_bara
_erda
_cJO-AjNU
041 _aara
050 1 4 _aTK7885.S456 2007
100 3 _aشلبايه ، مراد,
_eauthor
_928506
245 0 0 _aمكونات الحاسوب = Computer components
250 _aط2
264 3 1 _aعمان:دار المسيرة ،2007
300 _a336ص
336 _atext
_btxt
_2rdacontent
337 _aunmediated
_bn
_2rdamedia
338 _avolume
_bnc
_2rdacarrier
650 4 _aالحواسيب-مكونات الحاسوب
_928507
999 _aA11065
_c14633
_d14633